Vista normal Vista MARC

Entrada Materia (personas)

Número de registros utilizados en: 1

001 - CONTROL NUMBER

  • control field: 60868

003 - CONTROL NUMBER IDENTIFIER

  • control field: Co-BoUCM

005 - DATE AND TIME OF LATEST TRANSACTION

  • control field: 20140512091558.0

008 - FIXED-LENGTH DATA ELEMENTS

  • fixed length control field: 140512|| aca||aabn | a|a d

040 ## - CATALOGING SOURCE

  • Original cataloging agency: Co-BoUCM
  • Transcribing agency: Co-BoUCM

100 ## - HEADING--PERSONAL NAME

  • Personal name: García de Goyena, Florencio,
  • Dates associated with a name: 1783-1855

670 ## - SOURCE DATA FOUND

  • Source citation: Work cat.: (Co-BoUCM)0: García de Goyena, Florencio, 1783-1855, Concordancias, motivos y comentarios del código civil español, 1852